000 00583nam a2200181Ia 4500
008 100921s9999 xx 000 0 und d
082 _b36454
_a891.433 थ 67
100 _aकृष्णचंदर.
245 _aपराजय.
260 _bहिंद पॉकेट बुक्स,दिल्ली.
_c1967
300 _a184
_b---
365 _b2
520 _aललित -हिंदी-कथा,कादं.
630 _aपराजय.
650 _aललित -हिंदी-कथा,कादं.
730 _aपराजय.
942 _cBOOK
999 _c785567
_d785564